000 00677nam a2200193 4500
999 _c180667
_d180667
005 20210813124314.0
010 _aB-741183
020 _a8188731226
_c495.00
035 _aB-741183
037 _bGift
082 _aS
100 _aKhatri,Vikas S.
245 _aThe peacock maiden and other stories /
_cby Vikas S. Khatri
260 _aDelhi
_bSmriti Sahitya
_c2020
270 _a511/1-E,Gali no.2, Near Tash Factory Vishwas Nagar,Shahdara,
_bDelhi
_e110032
300 _a143p.:
_bill
_c22cm(Hb)
942 _2ddc
_cCH
_hS
_mKHA